Estatísticas para Participantes do Big Brother Brasil 12

Clique aqui para jogar o quiz

Estatísticas Gerais

  • Esse quiz foi jogado 16 vezes
  • A pontuação média é 13 de 16

Estatísticas das Respostas

ColocaçãoParticipante% Correto
Fael Cordeiro
92%
11ºJoão Maurício
92%
ExpulsoDaniel Echaniz
85%
Fabiana Teixeira
85%
Jonas Sulzbach
85%
Monique Amim
85%
Rafa Oliveira
85%
Renata Hurtado
85%
Yuri Fernandes
85%
Kelly Medeiros
77%
15ºAnalice Souza
69%
João Carvalho
69%
10ºLaisa Portela
69%
12ºRonaldo Pinheiro
69%
14ºJakeline Lucena
62%
13ºMayara Miussi
62%

Distribuição das Pontuações

Percentil de Números Respondidos

Porcentagem de Pessoas com Cada Pontuação

Sua Pontuação Histórica

Você não jogou esse quiz